000 00656nam a2200217Ii 4500
003 JO-AjNU
008 230606s9999||||xx |||||||||||||| ||und||
020 _a81-88458-32-5
040 _aJO-AjNU
_beng
_erda
_cJO-AjNU
041 _aeng
050 1 4 _aQA76.5.2005
100 3 _aSINGh,Gurdip,
_eauthor
_9290
245 0 0 _aFundamental of Computer programming and information Technology
250 _a2 ed
264 3 1 _aS.K KATARIA SONS:2005
300 _a348p
336 _atext
_btxt
_2rdacontent
337 _aunmediated
_bn
_2rdamedia
338 _avolume
_bnc
_2rdacarrier
650 4 _aFundamental of Computer programming and information Technology
_9291
999 _aE152
_c152
_d152